[Event "Stay Safe Play From Home 137"]
[Site "T#645928Emanuel Laske"]
[Date "2020.05.10"]
[Round "4"]
[White "Tropic Thunder"]
[Black "Mepe_Nika"]
[Result "0-1"]
[WhiteElo "2204"]
[BlackElo "2291"]
[Annotator "TA"]
[PlyCount "110"]
[EventDate "2020.05.10"]
[EventType "swiss (blitz)"]

{[%evp 21,110,40,33,30,39,-70,-72,-57,0,0,63,62,83,77,89,66,82,35,35,-40,-47,-33,-37,-52,-56,-66,-56,-93,-104,-129,-123,-146,-144,-151,-151,-155,-147,-157,-142,-134,-135,-135,-118,-174,-164,-211,-221,-212,-221,-302,-212,-204,-212,-199,-149,-142,0,-134,-142,-141,-149,-126,-125,-147,-20,-404,-404,-393,-386,-343,0,0,0,0,363,0,0,8,6735,6399,6633,6633,6633,6047,5716,5612,5182,0,4627,4627,2020]} 1. e4 e5 2. Nf3 Nc6 3. Bb5 a6 4. Ba4 Nf6 5. O-O Be7 6. Re1 b5 7. Bb3 O-O 8. c3 d5 9. exd5 Nxd5 10. Nxe5 Nxe5 11. Rxe5 c6 12. Re1 {C89: Closed Ruy Lopez: Marshall Attack.} Bd6 13. Qf3 {13.d3 is setting a new trend.} (13. d4 $14) 13... Re8 $15 {[%cal Re8e1][%mdl 1024] Black has compensation.} 14. Rf1 {Black is better.} Be6 ({Black should play} 14... Qh4 $1 $15 15. h3 Re6) 15. d4 $1 $11 {[#]} Ra7 $146 (15... Qh4 $11 16. g3 Qh3) ({Predecessor:} 15... Bc7 16. Nd2 Qd6 17. g3 Qd7 18. Bc2 Bh3 19. Qd3 g6 20. Ne4 Bxf1 21. Qxf1 f5 22. Ng5 Re7 23. Bd2 Rae8 24. Bd3 {0-1 (24) Gutierrez Espinosa,K (2060)-Estrada Nieto,J (2213) Havana 2018}) 16. Nd2 $1 $14 {[%cal Bb1d2,Bd2e4,Be4c5][%mdl 32]} Rae7 17. Ne4 Bb8 18. Nc5 Qd6 {[%csl Gb8][%cal Rd6h2]} 19. g3 Bh3 20. Bxd5 (20. Bg5 $14 Re2 21. Nxa6) 20... Qxd5 $40 {[%mdl 128] Black has some attack.} 21. Qxd5 cxd5 22. Bg5 f6 23. Be3 $1 Bxf1 24. Rxf1 a5 25. Nd3 Bd6 26. a3 g5 27. Kg2 Kf7 28. Kf3 a4 29. Nc5 Bxc5 30. dxc5 $17 {[%mdl 4096] Endgame KRR-KRB} Re4 31. Rd1 Ke6 32. g4 {[#]} (32. Kg2 $17) 32... h5 $1 {[%mdl 512]} 33. h3 (33. gxh5 Rh8) 33... hxg4+ 34. hxg4 Rh8 $1 35. Rg1 Rh3+ 36. Ke2 Rh4 37. f3 Rh2+ 38. Kd3 Rc4 ({Black should try} 38... Re5 $1 $17 39. Bd4 Ree2) 39. Bd4 (39. Re1 $11 {remains equal.} Kf7 40. Re2) 39... Rxb2 40. Re1+ Kf7 41. Rh1 {[#]} Rb3 $1 {[%cal Rb3a3]} 42. Rh7+ Kg6 (42... Ke8 $17 43. Rh8+ Kd7 44. Rh7+ Kc6) 43. Rd7 $2 {[%mdl 8192]} (43. Rb7 $11 {and White stays safe.}) 43... Rxa3 $19 44. Rxd5 Rb3 {Threatens to win with ...a3.} 45. Rd6 Rxd4+ $2 (45... a3 $19 46. Rxf6+ Kh7) 46. Kxd4 {Hoping for c6. KR-KR} a3 $1 47. Ra6 {Black must now prevent c6.} b4 $2 {[%mdl 8192] [#]} (47... Kf7 $1 $11 {and Black has nothing to worry.}) 48. cxb4 $2 ({Only move:} 48. c4 $1 $18 {And now c6 would win.} Kf7 49. c6) 48... Rxb4+ $11 49. Kc3 Rb5 $2 {[%mdl 8192]} (49... Rf4 $11) 50. Kc4 $18 Rb2 51. Rxa3 Rf2 52. Kd5 Rd2+ 53. Kc6 Rc2 54. Kb7 $2 (54. Kd6 $18 f5 55. gxf5+ Kxf5 56. c6 Rd2+ 57. Ke7) 54... Rb2+ $2 {[%mdl 8192]} (54... Rxc5 $11 55. Kb6 Rc2) 55. Kc7 Rd2 {[%mdl 32768] Accuracy: White = 58%, Black = 69%. . Loss on time!?} 0-1

[Event "Stay Safe Play From Home 137"]
[Site "T#645928Emanuel Laske"]
[Date "2020.05.10"]
[Round "4"]
[White "Weltszmerc"]
[Black "Fischer_11"]
[Result "1-0"]
[WhiteElo "1998"]
[BlackElo "1979"]
[Annotator "TA"]
[PlyCount "131"]
[EventDate "2020.05.10"]
[EventType "swiss (blitz)"]

{[%evp 9,131,0,0,0,49,55,47,28,80,86,95,99,97,112,105,-10,16,-105,-70,-161,-104,-137,-131,-146,-144,-420,-61,-189,-182,-339,-232,-218,38,29,53,22,28,5,104,42,37,31,31,3,18,0,0,0,66,70,477,466,452,445,479,468,448,204,220,226,197,197,215,197,447,420,1069,1097,1795,740,1594,1589,6636,6636,12843,12843,12845,12844,12845,12845,12845,12846,12846,12847,12847,12847,12849,12849,12851,27999,27999,27999,27999,27999,27999,27999,27999,27999,27992,27992,27993,27992,27993,27993,27994,27994,27995,27995,27996,27995,27996,27996,27997,27996,27997,27996,27997,27996,27998,27996,27997,27997,27998,27997]} 1. d4 Nf6 2. c4 e6 3. Nc3 d5 4. Nf3 dxc4 5. g3 a6 6. Bg2 {D24: Queen's Gambit Accepted: 3 Nf3 Nf6 4 Nc3.} Be7 7. Ne5 O-O 8. Nxc4 {[#] White is slightly better.} c5 $146 (8... Ra7 $11) ({Predecessor:} 8... Nbd7 9. O-O Rb8 10. e4 c6 11. Bf4 Ra8 12. a4 a5 13. Nd6 Nb6 14. Nxc8 Rxc8 {1-0 (46) Chuldum,A (2098)-Astrotenko,A Russia 2007}) 9. dxc5 $16 Bxc5 10. Qxd8 Rxd8 11. O-O Nc6 {[%cal Bb8c6,Bc6b4,Bb4d3][%mdl 32]} 12. e4 (12. Bf4 $16) 12... b5 13. Ne3 (13. Be3 $11) 13... Bb7 {[#]} 14. b3 (14. e5 $1 $15 {[%mdl 512]} Nd7 (14... Nxe5 15. Bxb7) 15. f4) 14... Rac8 (14... Ne5 $1 $19 15. Rd1 Rxd1+ 16. Nexd1 Rc8) 15. Bb2 Nb4 16. Rad1 Nd3 17. Ba1 $2 {[%mdl 8192] [#]} (17. e5 $17 {only move.} Bxg2 18. Kxg2) 17... b4 $2 {[#]} (17... Nxf2 $1 $19 {[%mdl 512]} 18. Rxd8+ (18. Rxf2 Bxe3) 18... Rxd8 19. Kxf2 Ng4+ {[%mdl 64] Double Attack} 20. Ke1 Nxe3) 18. Na4 {[#]} ({Only move:} 18. Ncd5 $1 $15 {[%mdl 512]}) 18... Ba7 $1 $19 ({Don't take} 18... Nxe4 19. Nxc5 Nexc5 20. Bxb7 $17) 19. e5 $2 (19. Bxf6 gxf6 20. Nc4) 19... Bxg2 20. Kxg2 Ne8 $2 (20... Ne4 $19 {Strongly threatening ...Nexf2.} 21. Nb2 Nxb2 22. Rxd8+ Rxd8 23. Bxb2 Bxe3 24. fxe3 Rd2+ {[%mdl 64] Double Attack} 25. Kf3 Ng5+ 26. Kg4 Rxb2 27. Kxg5 Rxh2) 21. Nc4 Nc5 22. Nxc5 Bxc5 23. Kf3 a5 (23... Nc7 $11 {keeps the balance.}) 24. Ke2 (24. Nxa5 $16 Rxd1 25. Rxd1) 24... Nc7 25. Rxd8+ Rxd8 26. Rd1 Nd5 (26... Rxd1 {is more complex.} 27. Kxd1 Bxf2 28. Ke2 Bg1 29. Nxa5 Nd5) 27. f4 Kf8 28. Kf3 Ke7 ({Black should try} 28... Ra8 $11) 29. Nxa5 $14 {Nb7 is the strong threat.} Bb6 $2 {[%mdl 8192]} ({Black should play} 29... Ra8 $14) 30. Nc6+ $18 {[%mdl 64] Double Attack} Kd7 31. Nxd8 Kxd8 {[%mdl 4096] Endgame KRB-KBN} 32. f5 Kd7 33. Rxd5+ (33. Bd4 $142 Bd8 34. Bc5) 33... exd5 {KB-KB} 34. Kf4 g6 35. g4 Kc6 36. Bb2 Kc5 $2 (36... Bd8 {was worth a try.} 37. Bd4 Bh4) 37. a3 bxa3 (37... Bd8 $142 38. a4 Bc7) 38. Bxa3+ Kd4 39. Bb2+ (39. e6 $142 fxe6 40. f6) 39... Kd3 40. e6 d4 41. exf7 Bc5 42. fxg6 hxg6 43. Kg5 Bf8 44. Kxg6 Ke4 {[#]} 45. Bxd4 $1 {[%mdl 64] Promotion} Kxd4 {KB-KP} 46. Kh7 Ke5 47. Kg8 Bd6 48. f8=Q Bxf8 49. Kxf8 {KP-KP} (49. h3 $18 Bb4 50. Kg7) 49... Kf4 {White mates.} 50. b4 Kxg4 51. b5 Kh3 52. b6 Kxh2 {KP-K} 53. b7 Kg3 54. b8=Q+ Kf3 55. Qe8 Kf2 56. Qe6 Kg2 57. Kf7 Kf2 58. Kf6 Kg2 59. Qe5 Kf2 60. Kf5 Kg2 61. Qe4+ Kf2 62. Qf4+ Kg1 63. Ke4 Kh1 64. Qe3 Kg2 65. Kf4 Kh2 66. Qf3 {What a bad dream for Black. Accuracy: White = 58%, Black = 37%.} 1-0

[Event "Stay Safe Play From Home 137"]
[Site "T#645928Emanuel Laske"]
[Date "2020.05.10"]
[Round "4"]
[White "Greblha"]
[Black "Sfantul321"]
[Result "1-0"]
[WhiteElo "1948"]
[BlackElo "1920"]
[Annotator "TA"]
[PlyCount "81"]
[EventDate "2020.05.10"]
[EventType "swiss (blitz)"]

{[%evp 9,81,-73,-89,-89,-74,-127,-89,-95,-91,-98,-50,-104,-64,-123,-123,-122,-98,-141,-141,-151,-141,-166,-168,-168,-162,-170,-168,-229,-147,-155,-158,-163,-119,-104,-64,-68,-68,-354,-345,-408,-374,-393,-220,-210,-171,-166,-119,-112,-109,-216,-182,-233,-227,-403,-270,-623,-624,-599,-499,-483,-454,-431,0,-177,665,651,29990,29991,29991,29992,29992,29993,29993,29991]} 1. e4 g6 2. e5 Bg7 3. d4 c5 4. dxc5 {[#]} Qa5+ $146 ({Predecessor:} 4... Bxe5 5. Qd5 Nc6 6. Bc4 e6 7. Qd2 Qe7 8. Qe3 Bd4 9. Qg3 Qxc5 10. Bd3 Nge7 11. Nf3 {1-0 (63) Neubauer,K (1611)-Guentner,P (1898) Bayern 2014}) 5. Bd2 Qxc5 6. Bc3 {B06: Modern Defence.} Bxe5 7. Qd2 (7. Nf3 $142 Bf6 8. Bd3) 7... Bxc3 8. Qxc3 {Black is better.} Qxc3+ 9. Nxc3 a6 10. Nf3 (10. Nd5 $15 Ra7 11. Nb6) 10... e6 11. Bc4 (11. Na4 $15 Nc6 12. c4) 11... d5 $17 12. Bb3 Nc6 13. O-O-O Nf6 14. Na4 b5 15. Nb6 Rb8 16. Nxc8 Rxc8 17. Nd4 Na5 18. c3 (18. f3 {was called for.}) 18... Ke7 19. Kb1 Nxb3 20. axb3 Rhd8 21. b4 e5 22. Nb3 Ne4 23. f3 $2 {[%mdl 8192]} (23. Rhe1 $15) 23... Nf2 $1 $19 {[%csl LRd1,LRh1][%mdl 64] [#] Double Attack} 24. Nc5 Nxh1 ({Don't do} 24... Nxd1 25. Rxd1 d4 26. cxd4 $19) 25. Rxh1 Rxc5 (25... d4 $142 {Threatens to win with ...dxc3.} 26. Re1 dxc3 27. Rxe5+ Kf6) 26. bxc5 {[%mdl 4096] Endgame KR-KR} d4 27. b4 Ke6 28. Kc2 Kd5 29. Rd1 (29. Kd3 $17) 29... Kc4 30. cxd4 (30. h4 $142) 30... exd4 31. c6 $2 (31. Ra1 {was necessary.}) 31... Kxb4 32. Kd3 $2 (32. c7 Rc8 33. Rxd4+ Kc5 34. Rd7) 32... Rc8 33. Rc1 Ka5 34. Kxd4 {With the idea Kc5.} Kb6 35. Kd5 Kc7 $2 (35... b4 $19 {aiming for ...a5.} 36. h4 a5) 36. Kc5 $2 (36. Re1 $11 {and White stays safe.} Kb6 37. Re7 Rxc6 38. Rxf7) 36... Rb8 $4 {[%mdl 8192]} (36... Re8 $19 37. Ra1 Re5+ 38. Kd4 Re2 39. Rxa6 Rxg2) 37. Re1 $18 {Intending Re7+ and mate.} b4 {...Rb5+ is the strong threat.} 38. Re7+ {[%mdl 64] [#] Double Attack. White mates.} Kd8 39. c7+ {[%mdl 64] Double Attack} Kxe7 40. cxb8=Q b3 41. Qxb3 {Quite a comeback for White. Accuracy: White = 37%, Black = 42%.} 1-0

[Event "Stay Safe Play From Home 137"]
[Site "T#645928Emanuel Laske"]
[Date "2020.05.10"]
[Round "4"]
[White "Haxhi Baha"]
[Black "Trotsky"]
[Result "0-1"]
[WhiteElo "1944"]
[BlackElo "1649"]
[Annotator "TA"]
[PlyCount "58"]
[EventDate "2020.05.10"]
[EventType "swiss (blitz)"]

{[%evp 9,58,20,47,45,49,46,44,41,82,50,159,62,93,110,191,136,162,168,191,195,193,183,462,23,25,6,213,187,187,-1666,-1642,-1648,1070,972,947,931,1711,1331,1870,1851,1785,1077,3235,2596,29991,29991,29991,29990,29996,29993,29993]} 1. e4 c5 2. Nf3 e6 3. d4 d5 4. exd5 exd5 5. c3 Be6 6. Bd3 {B22: Sicilian: 2 c3.} c4 7. Bc2 {[#]} Nc6 $146 ({Predecessor:} 7... Qd7 8. Ne5 Qc7 9. Bf4 Bd6 10. Qe2 Nd7 11. Nd2 Ngf6 12. O-O O-O 13. Ndf3 Bg4 14. Nxd7 Qxd7 15. Bxd6 Qxd6 {½-½ (31) Kopnicka,K (1600)-Belay,S (1600) Slovakia 2003}) 8. O-O {White is slightly better.} Bd6 9. Re1 Qc7 {[#]} ({Better is} 9... Nf6 $14) 10. h3 (10. Ng5 $1 $16) 10... O-O-O 11. Ng5 h5 (11... Re8 $16) 12. Nxe6 (12. Rxe6 $18 fxe6 13. Nxe6 {[%mdl 64] Double Attack}) 12... fxe6 $16 13. Rxe6 Nf6 14. Bg5 Rdf8 15. Nd2 Ng4 $2 (15... Nd8) 16. Nf3 $2 (16. hxg4 $18 Bh2+ 17. Kf1) 16... Bh2+ $1 $11 17. Kf1 Bg3 $2 (17... Nxf2 $1 $11 {and Black is okay.} 18. Kxf2 Qg3+ 19. Kf1 Qxg5) 18. fxg3 Qxg3 {[%csl Gg4][%cal Rg3f2] [#]} 19. Qe2 $4 {[%mdl 8192]} ({And not} 19. hxg4 hxg4 20. Re8+ (20. Rxc6+ bxc6 21. Be4 Rh1+ 22. Ke2 Qxg2+ {[%mdl 64] Pin} 23. Ke3 Rxd1 24. Bf6 Rxf6 {[%mdl 64] Pin} 25. Rxd1 gxf3 26. Re1 f2 27. Bf5+ Rxf5 28. Rf1 Qxf1 29. Kd2 Qd3+ 30. Kc1 f1=Q#) 20... Rxe8 $17) ({Worse is} 19. Kg1 Nf2 $11) (19. Re8+ $1 $18 {[%mdl 512]} Rxe8 20. Bf5+ Kc7 21. Qd2) 19... Nh2+ $19 {[%mdl 64] Double Attack} 20. Kg1 Ng4 $4 {[%mdl 8192]} (20... Nxf3+ $19 21. Qxf3 Rxf3) 21. Bh4 Qc7 22. Rf1 Rf4 23. Bg3 Rhf8 24. Bxf4 Rxf4 25. Ne5 Ncxe5 26. Rxf4 {Re8+ would kill now.} g5 27. Rf8+ {White mates.} Kd7 28. Rf7+ Kc8 29. Rxc7+ Kxc7 {[%mdl 32768] Accuracy: White = 45%, Black = 26%. . Sensor Board Error (Ke4/e5)?} 0-1

[Event "Stay Safe Play From Home 137"]
[Site "T#645928Emanuel Laske"]
[Date "2020.05.10"]
[Round "4"]
[White "Zacko1"]
[Black "SoulofWolf"]
[Result "0-1"]
[WhiteElo "1817"]
[BlackElo "2161"]
[Annotator "TA"]
[PlyCount "76"]
[EventDate "2020.05.10"]
[EventType "swiss (blitz)"]

{[%evp 9,76,40,94,56,117,103,124,104,168,147,137,103,157,44,93,39,37,27,31,-35,-32,-75,-79,-143,-101,-298,-291,-296,-310,-280,-55,-88,-93,-97,-29,-658,-660,-645,-579,-572,-479,-557,-542,-539,-509,-510,-502,-455,-38,-620,-37,-34,-34,-37,-29,-30,-30,-29,-29,-47,-29,-56,-56,-56,0,-31,-31,-31,-26]} 1. c4 d5 2. cxd5 Nf6 3. e4 c6 4. dxc6 Nxc6 5. Nc3 g6 (5... e5 $14) 6. Nf3 {Strongly threatening d4. A10: English Opening: Unusual Replies for Black.} Bg7 (6... Bg4 $14) 7. d4 $16 O-O 8. d5 {White is better.} Nb4 (8... Na5 $16 {might work better.}) 9. a3 Na6 {[#]} 10. Be2 $146 ({Predecessor:} 10. Bxa6 bxa6 11. O-O e6 12. Qd3 Bb7 13. Rd1 exd5 14. exd5 Qd6 15. Be3 Rad8 16. Bxa7 Bxd5 17. Nxd5 Qxd5 18. Qxd5 Nxd5 {1-0 (36) Bruno,P-Thompson,J CServe email 1995}) 10... e6 (10... Nc5 $142) 11. dxe6 (11. d6 $16) 11... Bxe6 12. Qxd8 (12. Be3 $16) 12... Rfxd8 $14 13. O-O Nc5 14. Be3 (14. e5 $14 Nfd7 15. Bg5) 14... Ncxe4 $15 15. Nxe4 Nxe4 {[%mdl 64] [#] Discovered Attack} 16. Rad1 (16. Rab1 $142) 16... Bxb2 {...Rxd1 is the strong threat.} 17. Rb1 $2 (17. Rxd8+ $17 Rxd8 18. Rb1 Bxa3 19. Rxb7) 17... Bxa3 $19 18. Rxb7 Nc3 19. Ba6 Bd5 $2 (19... Bc8 $19 {aiming for ...Rd6.} 20. Re1 Bxb7 21. Bxb7 Rab8) 20. Rxa7 Rxa7 21. Bxa7 {[#]} Ra8 ({Better is} 21... Rd6 $1 $17 {[%cal Rd6a6]} 22. Bc8 Rc6) 22. Bc5 $2 {[%mdl 8192]} (22. Bd4 $11) 22... Bxc5 23. Bd3 Bxf3 24. gxf3 Kg7 25. Kg2 Bd4 26. Rc1 Bf6 27. Rc2 Rd8 28. Bc4 Rd4 $2 (28... Nd5 $19 29. Bxd5 Rxd5) 29. Bb3 $2 {[%mdl 8192]} (29. Rxc3 $15 Be5 30. Rc2) 29... h5 $2 ({Black should try} 29... Rb4 $19 30. Ba2 Bd4) 30. Rxc3 $15 {[%mdl 4096] Endgame KRB-KRB} Rb4 31. Rd3 Rb5 32. Bc4 Rg5+ 33. Kf1 Rc5 34. Bd5 Bh4 35. Ke2 Rc2+ 36. Rd2 Rc5 (36... Rxd2+ $15 37. Kxd2 Bxf2) 37. Be4 Bg5 38. Rd7 Re5 {[%mdl 32768] White happily takes the draw. Accuracy: White = 36%, Black = 45%. . Loss on time!?} 0-1

[Event "Stay Safe Play From Home 137"]
[Site "T#645928Emanuel Laske"]
[Date "2020.05.10"]
[Round "4"]
[White "Chase the sun"]
[Black "Lazieri3"]
[Result "0-1"]
[WhiteElo "1792"]
[BlackElo "1992"]
[Annotator "TA"]
[PlyCount "106"]
[EventDate "2020.05.10"]
[EventType "swiss (blitz)"]

{[%evp 13,106,22,65,62,72,29,36,14,18,0,0,-27,-26,-29,0,-14,0,0,0,0,21,0,12,0,13,0,0,0,0,0,0,0,0,0,15,-6,3,2,3,0,0,0,0,0,0,0,0,-12831,-12831,-12831,-12832,-12831,-12820,-12834,-12833,-12832,-12833,-12839,-12839,-12842,-12842,-12842,-12840,-12841,-12841,-12841,-12842,-12842,-12843,-12845,-12845,-12845,-12846,-12847,-12847,-12848,-12848,-12850,-12850,-12851,-27998,-27999,-27998,-27999,-27999,-27996,-27996,-27999,-27996,-27997,-27997,-27998,-27997,-27998,-27998]} 1. e4 c6 2. d4 d5 3. exd5 cxd5 4. Bd3 Nc6 5. c3 Nf6 6. Bf4 Bg4 7. Qb3 Qb6 8. Qxb6 {B13: Caro-Kann: Exchange Variation and Panov-Botvinnik Attack.} axb6 {[#]} 9. a3 $146 ({Predecessor:} 9. h3 Bh5 10. Na3 e6 11. Nb5 Kd7 12. a4 Ne8 13. Be2 Bg6 14. Nf3 Bc2 15. Bd1 Bxd1 16. Kxd1 {0-1 (31) Wei,Y (2721)-Vachier Lagrave,M (2774) chess.com INT 2019}) 9... e6 10. f3 {White is slightly better.} Bh5 11. g4 Bg6 12. Kd2 Bxd3 13. Kxd3 Kd7 (13... b5 {is more complex.} 14. Ne2 b4 15. cxb4 Nxb4+ 16. Kd2 Be7) 14. h4 Bd6 (14... b5 {keeps more tension.} 15. Ne2 b4 16. h5 Ne8 17. cxb4 Nxb4+ 18. Kd2 Nd6) 15. Bxd6 Kxd6 16. Nd2 Nd7 17. f4 b5 18. Ngf3 f6 19. g5 (19. h5 {feels hotter.} Rhg8 20. Kc2 e5 21. Nh4 Kc7 22. fxe5 fxe5 23. Nf5) 19... e5 20. fxe5+ fxe5 21. dxe5+ Ndxe5+ 22. Nxe5 Nxe5+ 23. Kc2 Nc4 24. Nxc4+ dxc4 $11 {[%mdl 4096] Endgame KRR-KRR} 25. Rad1+ Kc6 26. Rhe1 {Black must now prevent Re6+.} Rae8 27. Rf1 Rhf8 28. Rxf8 Rxf8 {KR-KR} 29. Rd4 Rf2+ 30. Rd2 $2 {[%mdl 8192] [#]} (30. Kb1 $11) 30... Rxd2+ $1 $19 31. Kxd2 {KP-KP} Kd5 32. Ke3 Ke5 33. Kf3 Kf5 34. Kg3 h5 35. gxh6 gxh6 36. Kh3 Kf4 37. h5 Kg5 38. Kg3 Kxh5 39. Kf4 Kg6 40. Ke5 h5 41. Kd6 h4 42. Kc7 h3 43. Kxb7 {K3P-K3P} h2 44. Kb6 h1=Q 45. Kxb5 {[#]} Qb1 $1 46. Kxc4 Qxb2 47. a4 {Black mates.} Qb6 48. Kd3 Qa5 49. c4 Qxa4 50. c5 Qc6 51. Kc4 Kf5 52. Kb4 Ke4 {( -> ...Kd3)} 53. Kc4 Ke5 {White did not feel at home in the position after the opening. Accuracy: White = 92%, Black = 96%.} 0-1

[Event "Stay Safe Play From Home 137"]
[Site "T#645928Emanuel Laske"]
[Date "2020.05.10"]
[Round "4"]
[White "Edmatuag"]
[Black "XShot"]
[Result "0-1"]
[WhiteElo "1701"]
[BlackElo "2430"]
[Annotator "TA"]
[PlyCount "116"]
[EventDate "2020.05.10"]
[EventType "swiss (blitz)"]

{[%evp 9,116,-714,-716,-717,-715,-712,-714,-713,-710,-876,-868,-1028,-1018,-1002,-881,-1169,-1135,-1225,-1133,-1122,-1115,-1266,-1266,-1949,-1891,-2235,-2223,-1434,-1130,-1417,-1372,-1393,-1392,-1316,-1200,-1185,-1157,-1619,-1668,-2202,-2202,-2172,-2143,-1989,-1654,-2143,-2091,-29987,-29988,-29988,-29986,-29991,-29986,-29990,-29987,-29993,-29994,-29994,-29992,-29992,-29988,-29988,-29989,-29990,-29991,-29990,-29989,-29990,-29989,-29990,-29991,-29991,-29991,-29991,-29991,-29992,-29993,-29993,-29994,-29996,-29993,-29993,-29994,-29996,-29995,-29996,-29996,-29996,-29997,-29997,-29997,-29997,-29996,-29997,-29996,-29997,-29996,-29997,-29996,-29997,-29997,-29997,-29998,-29998,-29999,-29999,-29999,-29999,-29999]} 1. e3 c6 2. d4 d5 3. c4 Nf6 4. Nc3 Bg4 5. cxd5 {[#]} Bxd1 $146 ({Predecessor:} 5... cxd5 6. Nf3 e6 7. Qa4+ Nbd7 8. Ne5 Bf5 9. Bb5 a6 10. Bxd7+ Nxd7 11. Qxd7+ Qxd7 12. Nxd7 Kxd7 13. O-O Rc8 14. Bd2 b5 {0-1 (34) Kebis,M (2002)-Feher,T (1805) Slovakia 2012}) 6. Nxd1 {D10: Slav Defence: 3 cxd5 (without early Nf3) and 3 Nc3.} cxd5 7. Nc3 e6 8. Bd2 {Black is clearly winning.} Nc6 9. Kd1 Bb4 10. Kc2 Bxc3 11. Bxc3 Rc8 12. Rc1 Ne4 13. Kb1 Nxc3+ 14. Rxc3 O-O 15. Bd3 Nb4 {White must now prevent ...Rxc3.} 16. Bc2 Qa5 17. Bb3 Rxc3 18. bxc3 Nc6 19. Kb2 b5 20. Ne2 b4 21. Rc1 bxc3+ 22. Rxc3 Nb4 23. Rc5 Nd3+ {[%mdl 64] [#] Double Attack} 24. Kb1 Nxc5 25. dxc5 Qxc5 26. Nd4 Rb8 27. Kb2 g6 28. f4 a5 {Black mates.} 29. a4 Qb4 30. Ka2 Kg7 31. g4 Qd2+ 32. Ka3 Qxe3 33. Nb5 Qc5+ 34. Ka2 Rxb5 35. axb5 Qxb5 36. Ka3 Qb4+ {[%mdl 64] [#] Double Attack} 37. Ka2 Qxf4 38. Ka3 g5 39. Ka2 Qxh2+ 40. Ka3 Qf4 41. Ka2 h6 42. Ka3 Kf6 43. Ka2 Ke5 44. Ka3 Kd6 45. Ka2 Kc5 46. Ka3 Qd2 47. Bxd5 Qb4+ 48. Ka2 Kxd5 49. Ka1 Ke5 50. Ka2 Kf4 51. Ka1 Kxg4 52. Ka2 Kg3 53. Ka1 Kf2 54. Ka2 Ke2 55. Ka1 Kd2 56. Ka2 Kc2 {[%csl Gc2][%cal Rb4b2]} 57. Ka1 e5 {[%csl Gc2][%cal Rb4b2]} 58. Ka2 f6 {Black took control after the opening.} 0-1

[Event "Stay Safe Play From Home 137"]
[Site "T#645928Emanuel Laske"]
[Date "2020.05.10"]
[Round "4"]
[White "Haris kollari 13"]
[Black "Emresenar"]
[Result "1-0"]
[WhiteElo "1700"]
[BlackElo "1569"]
[Annotator "NA RC"]
[PlyCount "79"]
[EventDate "2020.05.10"]
[EventType "swiss (blitz)"]

1. e4 {[%emt 0:00:01]} b6 {[%emt 0:00:00]} 2. Nf3 {[%emt 0:00:01]} Bb7 {[%emt 0:00:00]} 3. Nc3 {[%emt 0:00:04]} g6 {[%emt 0:00:00]} 4. d4 {[%emt 0:00:01]} Bg7 {[%emt 0:00:00]} 5. Be3 {[%emt 0:00:01]} e6 {[%emt 0:00:00]} 6. Bd3 {[%emt 0:00:01]} Ne7 {[%emt 0:00:00]} 7. Qd2 {[%emt 0:00:01]} d6 {[%emt 0:00:00]} 8. O-O-O {[%emt 0:00:02]} Nd7 {[%emt 0:00:00]} 9. h4 {[%emt 0:00:01]} c5 {[%emt 0:00:01]} 10. dxc5 {[%emt 0:00:02]} dxc5 {[%emt 0:00:00]} 11. Kb1 {[%emt 0:00:01]} Qc7 {[%emt 0:00:01]} 12. g4 {[%emt 0:00:02]} O-O-O {[%emt 0:00:01]} 13. Qe2 {[%emt 0:00:02]} Kb8 {[%emt 0:00:02]} 14. Ba6 {[%emt 0:00:01]} Bxa6 {[%emt 0:00:01]} 15. Qxa6 {[%emt 0:00:01]} Bxc3 {[%emt 0:00:01]} 16. bxc3 {[%emt 0:00:02]} Ne5 {[%emt 0:00:01]} 17. Ng5 {[%emt 0:00:02]} N7c6 {[%emt 0:00:06]} 18. Bf4 {[%emt 0:00:02]} Ka8 {[%emt 0:00:12]} 19. f3 {[%emt 0:00:01]} Qb7 {[%emt 0:00:05]} 20. Qxb7+ {[%emt 0:00:01]} Kxb7 {[%emt 0:00:00]} 21. Rxd8 {[%emt 0:00:03]} Rxd8 {[%emt 0:00:02]} 22. Nxh7 {[%emt 0:00:01]} Nxf3 {[%emt 0:00:01]} 23. Bg5 {[%emt 0:00:04]} Nxg5 {[%emt 0:00:03]} 24. Nxg5 {[%emt 0:00:01]} Rd7 {[%emt 0:00:03]} 25. h5 {[%emt 0:00:01]} gxh5 {[%emt 0:00:01]} 26. gxh5 {[%emt 0:00:01]} Ne5 {[%emt 0:00:02]} 27. h6 {[%emt 0:00:01]} Ng6 {[%emt 0:00:01]} 28. h7 {[%emt 0:00:01]} Nh8 {[%emt 0:00:01]} 29. Rg1 {[%emt 0:00:01]} f6 {[%emt 0:00:02]} 30. Nxe6 {[%emt 0:00:02]} Rxh7 {[%emt 0:00:01]} 31. Nf8 {[%emt 0:00:02]} Rf7 {[%emt 0:00:02]} 32. Rg8 {[%emt 0:00:01]} Ng6 {[%emt 0:00:01]} 33. Nxg6 {[%emt 0:00:01]} f5 {[%emt 0:00:01]} 34. e5 {[%emt 0:00:01]} f4 {[%emt 0:00:01]} 35. e6 {[%emt 0:00:00]} f3 {[%emt 0:00:01]} 36. exf7 {[%emt 0:00:01]} f2 {[%emt 0:00:00]} 37. f8=Q {[%emt 0:00:00]} f1=Q+ {[%emt 0:00:01]} 38. Qxf1 {[%emt 0:00:00]} a6 {[%emt 0:00:01]} 39. Qf5 {[%emt 0:00:01]} a5 {[%emt 0:00:00]} 40. Rg7+ {[%emt 0:00:01] Emresenar terk eder (Lag: Av=0.72s, max=4.5s)} 1-0